A practical approach to planning law (Record no. 113155)
[ view plain ]
| 000 -LEADER | |
|---|---|
| fixed length control field | 01032cam a2200253 4500 |
| 001 - CONTROL NUMBER | |
| control field | L154789 |
| 008 - FIXED-LENGTH DATA ELEMENTS--GENERAL INFORMATION | |
| fixed length control field | 120118n2010 000 0 eng u |
| 020 ## - INTERNATIONAL STANDARD BOOK NUMBER | |
| International Standard Book Number | 9780199570898 |
| 035 ## - SYSTEM CONTROL NUMBER | |
| System control number | (Sirsi) u154789 |
| 041 ## - LANGUAGE CODE | |
| Language code of text/sound track or separate title | eng |
| 050 ## - LIBRARY OF CONGRESS CALL NUMBER | |
| Classification number | 711.026 $2 18 |
| 100 ## - MAIN ENTRY--PERSONAL NAME | |
| Personal name | Moore, Victor |
| 245 02 - TITLE STATEMENT | |
| Title | A practical approach to planning law |
| 250 ## - EDITION STATEMENT | |
| Edition statement | 11th ed. |
| 260 ## - PUBLICATION, DISTRIBUTION, ETC. | |
| Place of publication, distribution, etc. | Oxford |
| Name of publisher, distributor, etc. | Oxford University Press |
| Date of publication, distribution, etc. | 2010 |
| 300 ## - PHYSICAL DESCRIPTION | |
| Extent | xliii, 666p. |
| Dimensions | 25cm. |
| 350 ## - PRICE (NR) (BK AM CF MU VM SE) [OBSOLETE] | |
| Price | 54.95 |
| 520 ## - SUMMARY, ETC. | |
| Summary, etc. | Aims to cover every aspect of the law and legislation related to planning. Includes information on The Planning Act 2008, recent case law and legislation and a chapter concerning the Planning Commission. Considers subject as diverse as simplified planning zones, general permitted orders and cases of doubt, control of outdoor advertisements and trees and hedgerows. Superseded by 12th edition. (9780199640072) |
| 590 ## - LOCAL NOTE (RLIN) | |
| Local note | KA |
| 651 #4 - SUBJECT ADDED ENTRY--GEOGRAPHIC NAME | |
| Geographic name | England and Wales |
| Chronological subdivision | 1543- |
| 690 ## - LOCAL SUBJECT ADDED ENTRY--TOPICAL TERM (OCLC, RLIN) | |
| Topical term or geographic name as entry element | Planning and development |
| 9 (RLIN) | 6259 |
| 942 ## - ADDED ENTRY ELEMENTS (KOHA) | |
| Suppress in OPAC | 0 |
| Withdrawn status | Lost status | Source of classification or shelving scheme | Damaged status | Not for loan | Home library | Current library | Shelving location | Date acquired | Total Checkouts | Full call number | Barcode | Date last seen | Copy number | Price effective from | Koha item type |
|---|---|---|---|---|---|---|---|---|---|---|---|---|---|---|---|
| Dewey Decimal Classification | London | London | Basement | 18/01/2012 | BASEMENT | 30077276 | 06/08/2019 | 1 | 06/08/2019 | Book |